000 00682nam a2200217Ii 4500
003 JO-AjNU
008 230605s9999||||xx |||||||||||||| ||und||
017 _a1994/2242
020 _a977-01-3682-4
040 _aJO-AjNU
_bara
_erda
_cJO-AjNU
041 _aara
050 1 4 _aRE991 1994
100 3 _aالحناوي، مدحت,
_eauthor
_97676
245 0 0 _aالليزر ثورة في طب العيون
264 3 1 _aالقاهرة: الهيئة المصرية العامة للكتاب، 1994
300 _a109ص
336 _atext
_btxt
_2rdacontent
337 _aunmediated
_bn
_2rdamedia
338 _avolume
_bnc
_2rdacarrier
650 4 _aالليزر- طب العيون
_97677
999 _aA401
_c3969
_d3969